书目信息 |
| 题名: |
工程项目咨询概论
|
|
| 作者: | 李学锋 主编 | |
| 分册: | ||
| 出版信息: | 大连 大连理工大学出版社 2009.02 |
|
| 页数: | 228页 | |
| 开本: | 26cm | |
| 丛书名: | 高等学校工程管理系列经典教材 | |
| 单 册: | ||
| 中图分类: | F283-43 | |
| 科图分类: | ||
| 主题词: | 基本建设投资--ji ben jian she tou zi--咨询--高等学校--教材 | |
| 电子资源: | ||
| ISBN: | 978-7-5611-4634-7 | |
| 000 | 01209nam 2200277 450 | |
| 001 | 012010782391 | |
| 005 | 20100102165512.98 | |
| 010 | @a978-7-5611-4634-7@dCNY26.00 | |
| 100 | @a20100102d2009 em y0chi0120 ea | |
| 101 | 0 | @achi |
| 102 | @aCN@b210000 | |
| 105 | @aa a 000yy | |
| 106 | @ar | |
| 200 | 1 | @a工程项目咨询概论@Agong cheng xiang mu zi xun gai lun@d= Introduction of construction project consulting@f李学锋主编@Fli xue feng zhu bian@zeng |
| 210 | @a大连@c大连理工大学出版社@d2009.02 | |
| 215 | @a228页@c图@d26cm | |
| 225 | 2 | @a高等学校工程管理系列经典教材@Agao deng xue xiao gong cheng guan li xi lie jing dian jiao cai |
| 320 | @a有书目 (第228页) | |
| 330 | @a本书介绍了工程咨询的基本知识和基本理论,并且对国际工程咨询相关理论进行了较为详细的阐述。内容包括:工程咨询企业、注册咨询工程师、工程咨询任务的承担、工程项目实施阶段的咨询服务、国际工程咨询等。 | |
| 410 | 0 | @12001 @a高等学校工程管理系列经典教材 |
| 510 | 1 | @aIntroduction of construction project consulting@zeng |
| 606 | 0 | @a基本建设投资@Aji ben jian she tou zi@x咨询@x高等学校@j教材 |
| 690 | @aF283-43@v4 | |
| 701 | 0 | @a李学锋@Ali xue feng@4主编 |
| 801 | 0 | @aCN@bQSSK@c20100102 |
| 905 | @b769748-50@dF283-43@eL301@f3 | |
| 工程项目咨询概论= Introduction of construction project consulting/李学锋主编.-大连:大连理工大学出版社,2009.02 |
| 228页:图;26cm.-(高等学校工程管理系列经典教材) |
| ISBN 978-7-5611-4634-7:CNY26.00 |
| 本书介绍了工程咨询的基本知识和基本理论,并且对国际工程咨询相关理论进行了较为详细的阐述。内容包括:工程咨询企业、注册咨询工程师、工程咨询任务的承担、工程项目实施阶段的咨询服务、国际工程咨询等。 |
| ● |
| 相关链接 |
|
|
|
正题名:工程项目咨询概论
索取号:F283-43/L301
 
预约/预借
| 序号 | 登录号 | 条形码 | 馆藏地/架位号 | 状态 | 备注 |
| 1 | 769748 | 207697483 | 社科二线422/409社科库 100排4列1层/ [索取号:F283-43/L301] | 在馆 | |
| 2 | 769749 | 207697492 | 社科二线422/409社科库 100排4列1层/ [索取号:F283-43/L301] | 在馆 | |
| 3 | 769750 | 207697508 | 社科库409/409社科库 102排6列2层/ [索取号:F283-43/L301] | 在馆 |